Madrikh bibliyografi le-toldot Yiśraʼel bi-teḳufat ha-Miḳra / (Record no. 33192)

MARC details
000 -LEADER
fixed length control field 01019cam a22002771 4500
001 - CONTROL NUMBER
control field he 68001081
003 - CONTROL NUMBER IDENTIFIER
control field DLC
005 - DATE AND TIME OF LATEST TRANSACTION
control field 20260227111457.0
008 - FIXED-LENGTH DATA ELEMENTS--GENERAL INFORMATION
fixed length control field 850117s1966 is b 000 0 heb
010 ## - LIBRARY OF CONGRESS CONTROL NUMBER
LC control number he 68001081
035 ## - SYSTEM CONTROL NUMBER
System control number (OCoLC)19208101
040 ## - CATALOGING SOURCE
Original cataloging agency DLC
Transcribing agency MH
Modifying agency CU
-- DLC
042 ## - AUTHENTICATION CODE
Authentication code premarc
050 00 - LIBRARY OF CONGRESS CALL NUMBER
Classification number Z3479.H5
Item number M3
100 1# - MAIN ENTRY--PERSONAL NAME
Personal name Malamat, Abraham.
245 10 - TITLE STATEMENT
Title Madrikh bibliyografi le-toldot Yiśraʼel bi-teḳufat ha-Miḳra /
Statement of responsibility, etc. ʻarkhu A. Malamaṭ [ṿe-] Ḥ. Raviv.
250 ## - EDITION STATEMENT
Edition statement Mahadurat 724.
260 ## - PUBLICATION, DISTRIBUTION, ETC.
Place of publication, distribution, etc. Jerusalem :
Name of publisher, distributor, etc. ha-Universiṭah ha-ʻIvrit, ha-Faḳulṭah le-madaʻe ha-ruaḥ, ha-Ḥug le-hisṭoryah shel ʻam Yiśraʼel,
Date of publication, distribution, etc. 626 [1966]
300 ## - PHYSICAL DESCRIPTION
Extent 11, 40 p. ;
Dimensions 27 cm.
500 ## - GENERAL NOTE
General note Cover title.
500 ## - GENERAL NOTE
General note Added cover title: A bibliography of the Biblical period (with emphasis on publications in modern Hebrew)
504 ## - BIBLIOGRAPHY, ETC. NOTE
Bibliography, etc. note Includes bibliography.
650 #0 - SUBJECT ADDED ENTRY--TOPICAL TERM
Topical term or geographic name entry element Jews
General subdivision History
Chronological subdivision To 586 B.C.
Form subdivision Bibliography.
700 1# - ADDED ENTRY--PERSONAL NAME
Personal name Reviv, Hanoch.
752 ## - ADDED ENTRY--HIERARCHICAL PLACE NAME
Country or larger entity Israel
City Jerusalem

No items available.

Powered by Koha